LEADER 01058nam a2200253 i 4500 001 000000162637 003 CaOOAMICUS 005 20091201000000.0 008 091201s1973 it u000 u ita u 013 $a140001 040 $aSeMil$bita 240 02$aL'adozione :.$0(OLS)http://semarc/title/231987 245 12$aL'adozione :$baspetti pratici e pastorali /$ca cura dell' Ufficio per la famiglia della Curia Arcivescovile di Milano. 260 $aMilano :$bÀncora,$c1973. 300 $a86 p. ;$c18 cm. 500 $aFondo Card. Giovanni Colombo. 650 4$aAdozione.$0(OLS)http://semarc/subject/11930 710 0 $aArcidiocesi di Milano : Curia Arcivescovile : Ufficio per la famiglia.$0(OLS)http://semarc/name/29096 850 $aSeMil 852 $aSeMil$W1$xVenegono$y1$m2F I 424$j113969$B113969$CSeMilBibl$Z2$F130382 $81 941 1 $a3 961 $aLascito: Colombo Card. Giovanni 996 $6245$aL'adozione :$baspetti pratici e pastorali$9(OLS)http://semarc/title/231988 996 $6260$aMilano :$bÀncora$9(OLS)http://semarc/publisher/29763 LEADER 01130nam a2200265 i 4500 001 000000112746 003 CaOOAMICUS 005 20250704094136.0 008 030227s2002 it u000 u ita u 013 $a85430 040 $aSeMil$bita 100 1 $aBasso, Francesca.$0(OLS)http://semarc/name/47194 245 12$aI libri stampati nella prima tipografia di Varese 1778-1876 /$cFrancesca Basso. 264 1$a[Varese] :$bBiblioteca Civica di Varese,$c2002. 300 $a91 p. ;$c21 cm. 490 1 $aCataloghi ;$v5 650 4$aTipografia - Storia.$0(OLS)http://semarc/subject/4892 650 4$aVarese - Storia tipografica - 1778-1876.$0(OLS)http://semarc/subject/20324 830 0$aCataloghi ;$v5.$0(OLS)http://semarc/title/11587 850 $aSeMil 852 $aSeMil$W1$xVenegono$y1$m3Y II 54$j259105$B68466$CSeMilBibl$Z2$F74339 $81 961 $aOmaggio: Fossa Giuliano 996 $6245$aI libri stampati nella prima tipografia di Varese 1778-1876$9(OLS)http://semarc/title/164414 996 $6264$a[Varese] :$bBiblioteca Civica di Varese$9(OLS)http://semarc/publisher/45259